Ain't No Mountain High Enough - Marvin Gaye ft. Tammi Terrell (All Lyrics) - Statistics

General Stats
  • This quiz has been taken 1,382 times
  • The average score is 215 of 267
Answer Stats
Answer % Correct
a
100%
high,
100%
high
100%
no
100%
ain't
99%
Ain't
99%
enough,
99%
enough.
99%
I
99%
mountain
99%
you
97%
me,
96%
me
96%
river
96%
low,
95%
low
95%
the
94%
to
94%
To
94%
valley
94%
there
92%
wide
92%
baby,
90%
baby.
90%
baby
90%
from
89%
From
89%
keep
87%
getting
83%
be
82%
in
79%
Don't
77%
don't
77%
ha.
77%
If
77%
call
76%
'Cause
76%
I'll
76%
need
76%
are,
75%
are
75%
my
75%
My
75%
how
74%
worry
74%
worry.
74%
have
73%
matter
73%
where
73%
far.
70%
hurry,
70%
Just
70%
just
70%
on
70%
on,
70%
Oh
65%
oh
65%
that
65%
name,
64%
babe.
61%
love
60%
day
57%
can
56%
can.
56%
when
56%
Listen
55%
is
53%
know
53%
always
52%
darling.
52%
darling,
52%
count
51%
way,
50%
way
50%
ever
49%
for
49%
Remember
49%
we
49%
could
48%
want
48%
free.
47%
set
47%
some
45%
double,
44%
double.
44%
stop
44%
told
44%
you're
43%
made
42%
trouble,
42%
hand,
41%
vow.
40%
helping
39%
heart,
38%
rain
38%
somehow.
38%
wind,
38%
as
36%
fast
32%
apart.
31%
cold
31%
winters
31%
down
30%
miles
30%
alive,
29%
send
25%
or
24%
although
21%
goal.
7%
No matching quizzes found
Score Distribution
Percent of People with Each Score
Percentile by Number Answered
Your Score History
You have not taken this quiz